| 000 | 00461nam a2200181Ia 4500 | ||
|---|---|---|---|
| 008 | 230711s9999||||xx |||||||||||||| ||und|| | ||
| 020 | _a978-1-4419-1585-6 | ||
| 041 | _aENG | ||
| 082 |
_a610.724 _bFR-C |
||
| 100 | _aFriedman,Lawrence M | ||
| 245 | 0 | _aFundamentals of clinical trials | |
| 250 | _a4th Ed. | ||
| 260 |
_c2010 _aNew York _bSpringer Science & Business Media |
||
| 300 | _a445p. | ||
| 650 | _aPharmacy | ||
| 700 | _aFurberg,Curt D | ||
| 942 | _cBK | ||
| 999 |
_c7102 _d7102 |
||